| 000 | 00424nam a2200157 i 4500 | ||
|---|---|---|---|
| 001 | 102023 | ||
| 003 | ES-MaACL | ||
| 005 | 20230906183030.0 | ||
| 007 | t| | ||
| 008 | 051031s1962 sp ||||1| spa d | ||
| 100 | 1 |
_aMendiola, José María. _980195 |
|
| 245 | 1 | 0 |
_aDiez mil cigüeñas / _cJosé María Mendiola. |
| 260 |
_aMadrid : _bAgora, _c1962. |
||
| 300 |
_a119 p. ; _c18 cm. |
||
| 852 |
_aES-MaACL _jC-21230 _bR.49695 |
||
| 999 |
_c102023 _d102023 |
||